1343 1402 1254 1291 1266 1200 1020 1773 1224 1061 1479 1719 1557 1441 1689 1309 1256 1651 1410 1533 1699 1787 1758 1418 1750 1006 1940 1450 1252 1485 1278 1974 1506 1045 1566 1592 1311 1985 1938 1051 1881 1915 1784 1316 1256 1977 1597 1068 1574 1018 1692 1404 1989 1073 1790 1613 1183 1491 1893 1003 1610 1683 1930 1309 1865 1643 1939 1559 1435 1854 1758 1896 1995 1908 1195 1035 1891 1010 1469 1324 1647 1890 1012 1512 1081 1672 1833 1779 1955 1714 1598 1955 1468 1310 1283 1271 1600 1516 1609 BCNSPRNW ULIB Ver.6.0+V

เปลี่ยนเป็นภาษาไทย

Change to English
 แสดงรายละเอียดบรรณานุกรม
  กลับหน้าหลัก

Brief Record : Get Marc (ISO 2709) : E-mail record : QR code < ปิดหน้าต่าง
LEADER : 00000nam 2200000uu 4500
001    13399111655
003     ULIB
008    110627s||||||||th 000 0 tha d
020    9786165000390
090    นว.^bณ429ม 2553
100 0  ณารา
245 00 มือปราบหัวใจ/^cณารา
250    พิมพ์ครั้งที่ 2
260    กรุงเทพฯ :^bพิมพ์คำ,^c2553
300    370 หน้า
945    ^p260^l0^i028055
995    ทศพร
999 ^a ใช้งานได้ทุกระบบ
รายการนี้ยังไม่มีแท็ก
คุณยังไม่ได้ล็อกอิน คุณสามารถมีกิจกรรมร่วมกับเว็บไซต์ได้ แต่ต้องล็อกอินก่อน ::
  ล็อกอิน

รายการสื่อสารสนเทศ

ลำดับที่ ประเภท เลขเรียก/บาร์โค้ด สถานที่ สถานะ
- ไม่พบข้อมูล -

รายการใกล้เคียง
    ผู้แต่ง [ณารา]

BibComment


ยังไม่เคยถูกคอมเมนท์

คอมเมนท์ทรัพยากรรายการนี้
  คอมเมนท์: มือปราบหัวใจ ณารา


 Copyright 2026. Bcnsprnw @Library